A-Z: The Walking Dead Actors Quiz Stats

 Plays Quiz not verified by Sporcle

Score 0/22 Timer 05:00
0 Plays Today
Initial Actor % Correct
CLauren Cohan
88.2%
YSteven Yeun
85.3%
RChandler Riggs
84.3%
JLennie James
79.4%
KEmily Kinney
78.4%
BJon Bernthal
77.5%
WScott Wilson
71.6%
SChristian Serratos
64.7%
HLaurie Holden
63.7%
MSonequa Martin-Green
63.7%
OSteven Ogg
63.7%
Initial Actor % Correct
AAustin Amelio
62.7%
NKatelyn Nacon
61.8%
DJeffrey DeMunn
60.8%
LMadison Lintz
57.8%
GSeth Gilliam
56.9%
PTom Payne
54.9%
FTovah Feldshuh
34.3%
TLew Temple
25.5%
ENoah Emmerich
22.5%
VPruitt Taylor Vince
17.6%
ZPeter Zimmerman
14.7%

You're not logged in!

Compare scores with friends on all Sporcle quizzes.
OR
Log In

Show Comments

Extras

Top Quizzes Today


Score Distribution

Your Account Isn't Verified!

In order to create a playlist on Sporcle, you need to verify the email address you used during registration. Go to your Sporcle Settings to finish the process.

Report this User

Report this user for behavior that violates our Community Guidelines.

Details: